Normal view MARC view
  • Angelou, Maya,

Entry Nombre Personal

Number of records used in: 1

001 - NUMERO DE CONTROL

  • campo de control: 38762

003 - IDENTIFICADOR DE NUMERO DE CONTROL

  • campo de control: UPN

005 - FECHA Y HORA DE LA ÜLTIMA TRANSACCIÓN

  • campo de control: 20210219194539.0

008 - DATOS DE LONGITUD FIJA

  • campo de control de longitud fija: nabaccnnaabn|||||||||| b |nc|||||d

035 ## - NUMERO DE CONTROL

  • Número de control: UPN11000010869

040 ## - FUENTE DE CATALOGACIÓN

  • Lenguaje de catalogación: SPA
  • Agencia de transcripción: UPN

053 #4 - NÚMERO DE CLASIFICACIÓN LC

  • Número de clasificación elemento-número único o número inicial de tramo: PS3551 N4.6

100 1# - ENCABEZAMIENTO - NOMBRE PERSONAL

  • Nombre personal: Angelou, Maya,
  • Fechas asociadas con el nombre: 1928-2014

400 1# - VEÁSE - NOMBRE DE PERSONA

  • Personal name: Johnson, Marguerite Annie,
  • Dates associated with a name: 1928-2014

670 ## - FUENTE EN LA QUE SE LOCALIZARON DATOS

  • Cita de la fuente: T
  • Información localizada: Wikipedia

680 ## - NOTA PUBLICA DE ACCESO PÚBLICO

  • Encabezamiento o subdivisión: Autora, poeta, bailarina, actriz y cantante estadounidense

902 ## - CATALOGADOR

  • Catalogador: MCM/220616